| 000 | 01248nam a2200121Ia 4500 | ||
|---|---|---|---|
| 008 | 220615s9999||||xx |||||||||||||| ||und|| | ||
| 245 | 0 |
_aUrban Atmospheric Aerosols _bSources, Analysis and Effects |
|
| 546 | _aEnglish[eng] | ||
| 650 | _aAsia-Pacific Economic Cooperation summit||PM2.5||trace elements||source apportionment||aerosol optical depth MODIS||urbanization||DEM||spearman rank correlation||organic aerosol||water-soluble ions||organic nitrogen||aerosol mass spectrometry||MODIS aerosol product||Collection 6.1||heavy aerosol loading||AERONET||submicron||coarse||modal structure||meteorological effect||particle number size distribution||seasonal||diurnal||resuspension||household dust||PM10||organic and elemental carbon||phthalic acid esters||polycyclic aromatic hydrocarbons||atmospheric particle-bound mercury||atmospheric particulate matter||sources contributions||Atlantic coastal European region||toxicity prediction||urban atmospheric aerosols||primary organic aerosols||secondary organic aerosols||chemical composition||toxic elements||particle size characterization||urban air quality||indoor air pollution | ||
| 700 | _aDuarte, Regina||Duarte, Armando da Costa | ||
| 856 | _uhttps://mdpi.com/books/pdfview/book/3420 | ||
| 942 | _cEB | ||
| 999 |
_c16052 _d16052 |
||